000 00269nam a22001217a 4500
040 _cHS
082 _a95
100 _aNA
245 _aThe Philippines recommends for livestock feed formulation.
260 _alos banos laguna
_bNA
_c1987
300 _a128p.
942 _cEK
999 _c8743
_d8743